000 00244nam a22001097a 4500
082 _a300/VAI
100 _avaidya,Manmohan
_982143
245 _aWe And The World Around
260 _aDelhi
_bVAni Prakashan
_c2023
650 _aSocial
942 _cBK
999 _c66509
_d66509